MARC

Tag First Indicator Second Indicator Subfields
LEADER 00000cam a2200000 a 4500
001 in00000005123
005 20150927070023.0
008 990824s1999 gau b f000 0 eng d
035 |a (OCoLC)42217883 
035 |9 AJJ3616AM 
040 |a GPO  |c GPO  |d DLC  |d MvI  |d UtOrBLW 
043 |a n-us-tx 
049 |a UMIC 
074 |a 0499-F-16 
086 0 |a HE 20.7125/2:98-0117-2719 
100 1 |a Ewers, Lynda M. 
245 1 0 |a Jostens, Incorporated, Denton, Texas /  |c Lynda M. Ewers, Matthew P. Mauer, Dino Mattorano. 
264 1 |a [Atlanta, Ga.] :  |b U.S. Dept. of Health and Human Services, Public Health Service, Centers for Disease Control and Prevention, National Institute for Occupational Safety and Health ;  |c [1999] 
264 2 |a [Springfield, Va.] :  |b [National Technical Information Service, distributor], 
300 |a iv, 13 pages ;  |c 28 cm. 
336 |a text  |b txt  |2 rdacontent 
337 |a unmediated  |b n  |2 rdamedia 
338 |a volume  |b nc  |2 rdacarrier 
490 1 |a NIOSH health hazard evaluation report ;  |v HETA 98-0117-2719 
500 |a Shipping list number: 99-0292-P. 
500 |a "January 1999"--P. iii. 
504 |a Includes bibliographical references (pages 10-11). 
650 0 |a Sick building syndrome  |z Texas  |z Denton. 
650 0 |a Indoor air pollution  |x Environmental aspects  |z Texas  |z Denton. 
700 1 |a Mauer, Matthew P. 
700 1 |a Mattorano, Dino. 
710 2 |a National Institute for Occupational Safety and Health. 
830 0 |a NIOSH health hazard evaluation report ;  |v HETA 98-0117-2719. 
999 |a MARS 
999 f f |s 917c3562-ba0b-37ec-a8bf-17468b43747f  |i 64a89357-49ae-3e55-8b2f-a7751702984f  |t 0 
952 f f |p normal  |a Texas A&M University  |b College Station  |c Sterling C. Evans Library  |d Evans: US Documents (Annex 5th floor)  |t 0  |e HE 20.7125/2:98-0117-2719  |h Superintendent of Documents classification  |i unmediated -- volume  |m A14827562800 
998 f f |a HE 20.7125/2:98-0117-2719  |t 0  |l Evans: US Documents (Annex 5th floor)